[Event "DEM U16 2016"]
[Site "Willingen GER"]
[Date "2016.05.21"]
[Round "9"]
[White "Lagunow, Raphael"]
[Black "Piskaykin, Bogdan"]
[Result "1/2-1/2"]
[Termination "normal"]
[Board "11"]
[WhiteElo "2311"]
[BlackElo "1869"]
[WhiteClock "00:02:38"]
[BlackClock "00:23:04"]
[PlyCount "97"]
[WhiteFideId "24652644"]
[BlackFideId "12941212"]
[EventCountry "GER"]
[EventRounds "9"]
[EventType "swiss"]
[EventDate "2016.05.14"]

1. g3 Nf6 2. Bg2 d5 3. c4 dxc4 4. Na3 c6 5. Nxc4 e6 6. Nf3 Nbd7 7. O-O Nb6 8.
Qc2 Nxc4 9. Qxc4 Qd5 10. b3 Be7 11. Bb2 O-O 12. d3 a5 13. Nd2 Qxc4 14. bxc4 Rd8
15. Rab1 Nd7 16. Rfd1 e5 17. Bh3 f6 18. f4 Bc5+ 19. Kg2 exf4 20. gxf4 Nf8 21.
Bxc8 Raxc8 22. Bc3 Rd7 23. Ne4 Be7 24. f5 Kf7 25. Rb2 a4 26. Rdb1 Rb8 27. Bb4
g6 28. Bxe7 Rxe7 29. Nd6+ Kg7 30. Rxb7 Rbxb7 31. Rxb7 Rxb7 32. Nxb7 gxf5 33.
Nc5 a3 34. Na6 Ne6 35. Nb4 Nd4 36. Kf2 Kf7 37. Ke3 c5 38. Nd5 Ke6 39. Nc3 Nc2+
40. Kf4 Nb4 41. h3 h6 42. h4 h5 43. Nb5 Nxa2 44. Nxa3 Nc1 45. Kf3 Kd6 46. Nb5+
Ke5 47. Nc7 Nb3 48. Nd5 Nd4+ 49. Ke3 1/2-1/2

[Event "DEM U16 2016"]
[Site "Willingen GER"]
[Date "2016.05.21"]
[Round "9"]
[White "Schlick, Stefan"]
[Black "Tiarks, Jann-Christian"]
[Result "0-1"]
[Termination "normal"]
[Board "12"]
[WhiteElo "1918"]
[BlackElo "1983"]
[WhiteClock "00:06:21"]
[BlackClock "00:50:03"]
[PlyCount "100"]
[WhiteFideId "16211332"]
[BlackFideId "12951595"]
[EventCountry "GER"]
[EventRounds "9"]
[EventType "swiss"]
[EventDate "2016.05.14"]

1. d4 d5 2. c4 e6 3. Nc3 c6 4. Nf3 dxc4 5. a4 Bb4 6. e3 b5 7. Bd2 a5 8. axb5
Bxc3 9. Bxc3 cxb5 10. b3 Bb7 11. bxc4 b4 12. Bb2 Nf6 13. Bd3 O-O 14. O-O Nbd7
15. Nd2 Qc7 16. f3 Rfd8 17. Bc2 Nb6 18. c5 Nbd5 19. Re1 e5 20. dxe5 Nxe3 21.
Bxh7+ Nxh7 22. Rxe3 Qxc5 23. Kf2 Rd3 24. Qe2 Rdd8 25. Rc1 Qe7 26. e6 f6 27. Nb3
a4 28. Nd4 Rd5 29. g4 g6 30. Qc2 Nf8 31. Qc7 Re8 32. Qf4 Rd6 33. Nb5 Rd2+ 34.
Kg3 g5 35. Qxf6 Qxf6 36. Bxf6 Rxe6 37. Rxe6 Nxe6 38. Re1 Kf7 39. Be5 Bd5 40.
Re3 Kg6 41. h4 b3 42. hxg5 Nxg5 43. Bc3 Rc2 44. Na3 Ra2 45. Nb1 Bxf3 46. Rxf3
Nxf3 47. Kxf3 a3 48. Ke4 Rc2 49. Bd4 a2 50. Na3 b2 0-1

[Event "DEM U16 2016"]
[Site "Willingen GER"]
[Date "2016.05.21"]
[Round "9"]
[White "Silber, Kevin"]
[Black "Wiesner, Alexander"]
[Result "1-0"]
[Termination "normal"]
[Board "13"]
[WhiteElo "1956"]
[BlackElo "1832"]
[WhiteClock "00:29:16"]
[BlackClock "00:35:31"]
[PlyCount "57"]
[WhiteFideId "12930440"]
[BlackFideId "12943991"]
[EventCountry "GER"]
[EventRounds "9"]
[EventType "swiss"]
[EventDate "2016.05.14"]

1. e4 e6 2. d4 d5 3. Nd2 Nf6 4. e5 Nfd7 5. Bd3 c5 6. c3 Nc6 7. Ne2 Qb6 8. Nf3
cxd4 9. cxd4 Bb4+ 10. Bd2 f6 11. exf6 Nxf6 12. O-O O-O 13. Rc1 Ne4 14. Bxe4
dxe4 15. Ng5 Nxd4 16. Bxb4 Nxe2+ 17. Qxe2 Qxb4 18. Rc7 Qa5 19. Qh5 Qf5 20. g4
Qg6 21. Qxg6 hxg6 22. Rfc1 e5 23. h3 Re8 24. Rd1 Be6 25. Rd6 Bxa2 26. Rxg6 Rec8
27. Rcxg7+ Kf8 28. Nh7+ Ke8 29. Rf6 1-0

[Event "DEM U16 2016"]
[Site "Willingen GER"]
[Date "2016.05.21"]
[Round "9"]
[White "Savchenko, Daniel"]
[Black "Wurst, Maximilian"]
[Result "0-1"]
[Termination "normal"]
[Board "14"]
[WhiteElo "1955"]
[BlackElo "1751"]
[WhiteClock "00:32:31"]
[BlackClock "00:25:09"]
[PlyCount "116"]
[WhiteFideId "12919195"]
[BlackFideId "12971812"]
[EventCountry "GER"]
[EventRounds "9"]
[EventType "swiss"]
[EventDate "2016.05.14"]

1. e4 e5 2. Nf3 Nc6 3. Bb5 Bc5 4. c3 Qf6 5. O-O Nge7 6. d3 h6 7. Re1 O-O 8.
Nbd2 d6 9. h3 Be6 10. Nf1 d5 11. Ng3 Bb6 12. d4 exd4 13. e5 Qg6 14. cxd4 f6 15.
exf6 Rxf6 16. Be3 a6 17. Ba4 Qf7 18. Nh2 Rf8 19. Rf1 Bf5 20. Nxf5 Nxf5 21. Ng4
Re6 22. Bxc6 Nxe3 23. fxe3 Qxf1+ 24. Qxf1 Rxf1+ 25. Rxf1 Rxc6 26. Ne5 Rc2 27.
h4 h5 28. Rf2 Rc1+ 29. Rf1 Rc2 30. Rf2 Rc1+ 31. Kh2 Re1 32. Rf3 Re2 33. Nd3 c6
34. a4 Rd2 35. Nf4 Bc7 36. Kh3 Bxf4 37. Rxf4 Rxb2 38. Rf5 Rb4 39. Rxh5 Rxa4 40.
Kg4 Ra2 41. g3 Rf2 42. Re5 Kf7 43. Kg5 g6 44. g4 a5 45. h5 gxh5 46. gxh5 a4 47.
e4 dxe4 48. Rxe4 a3 49. Kh6 a2 50. Re1 Rg2 51. Kh7 b5 52. d5 Rg5 53. h6 Rxd5
54. Rf1+ Ke6 55. Kg7 b4 56. h7 Rh5 57. h8=Q Rxh8 58. Kxh8 b3 0-1